| 000 | 00489nmm a2200169Ia 4500 | ||
|---|---|---|---|
| 008 | 251105s9999||||xx |||||||||||||||||und|| | ||
| 020 | _a9788489564602 | ||
| 041 | _aspa | ||
| 100 | _aCerrato Mejías, Rafael | ||
| 245 | 0 | _aCine y pintura | |
| 264 |
_a[Madrid, España] : _bEdiciones JC Clementine, _c2010 |
||
| 300 | _a254 páginas | ||
| 490 | _aColección Imágenes | ||
| 650 | _aPainting & Decorative Arts | ||
| 856 | _uhttps://public.digitaliapublishing.com/a/12932 | ||
| 942 | _cCF | ||
| 999 |
_c87074 _d87074 |
||